[Event "Nova Open"]
[Site "Haarlem NED"]
[Date "2004.07.03"]
[Round "3"]
[White "Epishin,V"]
[Black "Schouwerwou,X"]
[Result "1-0"]
[WhiteElo "2635"]
[BlackElo "2151"]

1.d4 Nf6 2.c4 g6 3.Nc3 Bg7 4.e4 d6 5.Nf3 O-O 6.Be2 Nbd7 7.O-O e5 8.Re1 c6
9.Bf1 exd4 10.Nxd4 Re8 11.Rb1 Nc5 12.f3 a5 13.Be3 Nfd7 14.b3 Ne5 15.Qc2 h5
16.Rbd1 Bf8 17.Kh1 Qf6 18.Qd2 Be7 19.f4 Ng4 20.Bg1 Ne6 21.Nxe6 Bxe6 22.Bd4 Qxd4
23.Qxd4 Bf6 24.e5 dxe5 25.fxe5 Rad8 26.exf6  1-0

[Event "XX Franca Garcia Mem"]
[Site "Osasco BRA"]
[Date "2004.07.04"]
[Round "5"]
[White "Perelshteyn,E"]
[Black "Matsuura,E"]
[Result "1/2-1/2"]
[WhiteElo "2500"]
[BlackElo "2473"]

1.d4 Nf6 2.c4 g6 3.Nc3 Bg7 4.e4 d6 5.Nf3 O-O 6.Be2 e5 7.Be3 Ng4 8.Bg5 f6
9.Bh4 Nc6 10.d5 Ne7 11.Nd2 Nh6 12.f3 f5 13.O-O f4 14.c5 Bf6 15.Bf2 g5 16.cxd6 cxd6
17.Rc1 Bd7 18.Nb5 Bxb5 19.Bxb5 Rf7 20.Be2 Rg7 21.Rc3 Nf7 22.Qb3 b6 23.Rfc1 h5
24.h3 Nh6 25.Rc7 g4 26.hxg4 hxg4 27.fxg4 Qe8 28.Qb5 Qg6 29.Qd7 Nf7 30.Qe6 Kh8
31.Rxe7 Bxe7 32.Qxg6 Rxg6 33.Rc7 Ng5 34.Rxe7 Rc8 35.Rxa7 Rc2 36.Be1 Rxb2
37.Bd3 Rg7 38.Ra3 b5 39.Rb3 Rxa2 40.Nf3 Nf7 41.g5 Nxg5 42.Nxg5 Rxg5 43.Bf1 Ra4
44.Bh4 Rg6 45.Bxb5 Ra1+ 46.Bf1 Rh6 47.Be7 Ra7 48.Rb8+ Kh7 49.Bf8 Rg6 50.Rb6 f3
51.Rxd6 f2+ 52.Kxf2 Rf7+ 53.Ke1 Rxf8 54.Rd7+ Rg7 55.Bb5 Rb8 56.Rxg7+ Kxg7
57.Bd7 Rb4 58.Bf5 Rd4 59.Ke2 Kf6 60.Ke3 Kg5 61.g3 Kf6 62.Bg4 Kg5 63.Bf5 Kf6
64.Be6 Kg5 65.Bf5 Kf6  1/2-1/2

[Event "3rd Open"]
[Site "La Fere FRA"]
[Date "2004.07.05"]
[Round "4"]
[White "Sarakauskas,G"]
[Black "Laval,B"]
[Result "1-0"]
[WhiteElo "2442"]
[BlackElo "2106"]

1.d4 Nf6 2.c4 g6 3.Nc3 Bg7 4.e4 d6 5.Nf3 O-O 6.Be2 e5 7.Be3 h6 8.O-O Ng4
9.Bc1 Nc6 10.d5 Ne7 11.Ne1 f5 12.Bxg4 fxg4 13.Nd3 g5 14.c5 Ng6 15.Be3 Rf7
16.a4 Bf8 17.cxd6 cxd6 18.Nb5 Nf4 19.Nxa7 Rxa7 20.Bxa7 Nxd3 21.Qxd3 b6 22.Bxb6 Qxb6
23.Qd2 Rb7 24.Rfc1 Bd7 25.b4 Qxb4 26.Qxb4 Rxb4 27.a5 Rb7 28.Rcb1 Ra7 29.Rb8 Ra6
30.g3 Kf7 31.Kf1 Ke7 32.Ke1  1-0

[Event "Proclient Cup"]
[Site "Olomouc CZE"]
[Date "2004.07.05"]
[Round "2"]
[White "Gavrilov,Al1"]
[Black "Tupy,M"]
[Result "1-0"]
[WhiteElo "2441"]
[BlackElo "2322"]

1.d4 Nf6 2.c4 g6 3.Nc3 Bg7 4.e4 d6 5.Nf3 O-O 6.Be2 e5 7.Be3 Ng4 8.Bg5 f6
9.Bc1 exd4 10.Nxd4 Nh6 11.O-O Nc6 12.Be3 f5 13.Nxc6 bxc6 14.Qd2 Nf7 15.exf5 Bxf5
16.Rad1 Ne5 17.f4 Ng4 18.Bd4 Bxd4+ 19.Qxd4 Qh4 20.Bxg4 Bxg4 21.Rde1 Qf6 22.Qd2 Rae8
23.h3 Bd7 24.Ne4 Qg7 25.Kh2 c5 26.Ng3 Qd4 27.Qa5 Rxe1 28.Rxe1 Re8 29.Rxe8+ Bxe8
30.Qxc7 Qxf4 31.Qe7 Bc6 32.Qxa7 h5 33.Qb8+ Kg7 34.Qc7+ Kh6 35.Qxc6 h4 36.Qf3 hxg3+
37.Qxg3 Qxc4 38.Qe3+ Kh7 39.b3 Qd5 40.a4 c4 41.Qe7+ Kh8 42.Qh4+ Kg7 43.bxc4 Qe5+
44.Qg3 Qc3 45.Qf4 g5 46.Qe4 Kf6 47.Qd5 Qa3 48.Qf3+  1-0

[Event "32nd World Open"]
[Site "Philadelphia USA"]
[Date "2004.07.05"]
[Round "8"]
[White "Vigorito,D"]
[Black "Shchukin,S"]
[Result "1-0"]
[WhiteElo "2360"]
[BlackElo "2246"]

1.Nf3 Nf6 2.c4 g6 3.Nc3 Bg7 4.e4 d6 5.d4 O-O 6.Be2 e5 7.O-O exd4 8.Nxd4 Re8
9.f3 Nc6 10.Be3 Nh5 11.Qd2 f5 12.Nxc6 bxc6 13.exf5 gxf5 14.Bd4 Qh4 15.Bxg7 Nxg7
16.f4 Bd7 17.Bf3 Ne6 18.g3 Qf6 19.Rad1 Rab8 20.b4 Qg7 21.Ne2 a5 22.a3 axb4
23.axb4 Ra8 24.b5 Nc5 25.bxc6 Bc8 26.Nc3 Ra3 27.Nb5 Rb3 28.Bd5+ Kf8 29.Qd4 Qxd4+
30.Nxd4 Rb2 31.Rf2 Rb4 32.Rdd2 Ba6 33.Rb2 Reb8 34.Rxb4 Rxb4 35.Rc2 Nd3 36.Rc3 Rb1+
37.Kg2 Rb2+ 38.Kh3 Nc5 39.Ra3 Ke7 40.Nxf5+ Kf6 41.Ne3 h5 42.Bf3 Bc8+ 43.f5 Bxf5+
44.Nxf5 Kxf5 45.Bxh5 Ne4 46.Ra5+ Nc5 47.Bf3 Rb3 48.Bg4+ Ke5 49.Ra8 Nd3 50.Rg8 Kf6
51.Kh4 Ne5 52.Rf8+ Kg7 53.Rc8 Kh6 54.Rh8+ Kg7 55.Rc8 Kh6 56.Bf5 Rb2 57.g4 Rxh2+
58.Kg3  1-0

[Event "22nd Open"]
[Site "Andorra la Vella AND"]
[Date "2004.07.06"]
[Round "4"]
[White "Gurevich,M"]
[Black "Comas Fabrego,L"]
[Result "1/2-1/2"]
[WhiteElo "2667"]
[BlackElo "2490"]

1.d4 Nf6 2.c4 g6 3.Nc3 Bg7 4.e4 d6 5.Nf3 O-O 6.Be2 Na6 7.O-O e5 8.Be3 Ng4
9.Bg5 f6 10.Bc1 Qe8 11.h3 Nh6 12.Be3 Nf7 13.dxe5 dxe5 14.c5 c6 15.Bxa6 bxa6
16.Qa4 Rb8 17.b3 f5 18.exf5 gxf5 19.Rfe1 Rb7 20.Rad1 Re7 21.Qc4 h6 22.Nh4 Be6
23.Qxa6 Ng5 24.Bxg5 hxg5 25.Nf3 e4 26.Nd4 Bd7 27.Qc4+ Qf7 28.Qxf7+ Rexf7
29.Re2 Re8 30.b4 Rb8 31.a3 a5 32.Rb2 axb4 33.Rxb4 Ra8 34.Na4 Be5 35.Nb6 Rxa3
36.Nc4 Bxd4 37.Rb8+ Kg7 38.Nxa3 Bxc5 39.Nc4 Kf6 40.Rb7 Be6 41.Rxf7+ Bxf7
42.Rc1 Bd4 43.Na5 c5 44.Nc6 Bd5 45.Nxd4 cxd4 46.Kf1 f4 47.Ke2 d3+ 48.Kd2 e3+
49.fxe3 fxe3+ 50.Kxd3 Bxg2 51.Kxe3  1/2-1/2

[Event "IMA"]
[Site "Brno CZE"]
[Date "2004.07.06"]
[Round "4"]
[White "Vybiral,Z"]
[Black "Luch,M"]
[Result "0-1"]
[WhiteElo "2239"]
[BlackElo "2383"]

1.d4 Nf6 2.c4 g6 3.Nc3 Bg7 4.e4 d6 5.Be2 O-O 6.Nf3 Nbd7 7.O-O e5 8.Be3 c6
9.d5 c5 10.Ne1 Ne8 11.g4 Qh4 12.Kh1 f5 13.gxf5 gxf5 14.Nf3 Qe7 15.exf5 Nb6
16.Bd3 Bxf5 17.Ng5 e4 18.Ngxe4 Nxc4 19.Bg5 Qe5 20.Qe2 Nxb2 21.Bc2 Nc7 22.Rab1 Rae8
23.f3 Qxc3 24.Nxc3 Rxe2 25.Bxf5 Bxc3  0-1

[Event "32nd World Open"]
[Site "Philadelphia USA"]
[Date "2004.07.06"]
[Round "9"]
[White "Bonin,J"]
[Black "Rouleau,J"]
[Result "1/2-1/2"]
[WhiteElo "2342"]
[BlackElo "2258"]

1.c4 Nf6 2.Nc3 g6 3.e4 d6 4.d4 Bg7 5.Nf3 O-O 6.Be2 e5 7.O-O exd4 8.Nxd4 Re8
9.f3 Nc6 10.Be3 Nh5 11.f4 Nf6 12.Bf3 Bg4 13.Nxc6 Bxf3 14.Qxf3 bxc6 15.Rae1 Qc8
16.Bd4 Qg4 17.Qxg4 Nxg4 18.Bxg7 Kxg7 19.c5 Rab8 20.cxd6 cxd6 21.b3 Rb4 22.h3 Nf6
23.e5 dxe5 24.Rxe5 Rxf4 25.Ra5 Rxf1+ 26.Kxf1 Re3 27.Ne2 Re7  1/2-1/2

[Event "32nd World Open"]
[Site "Philadelphia USA"]
[Date "2004.07.06"]
[Round "9"]
[White "Bercys,S"]
[Black "Arakhamia,K"]
[Result "0-1"]
[WhiteElo "2279"]
[BlackElo "2446"]

1.d4 Nf6 2.c4 g6 3.Nc3 Bg7 4.e4 d6 5.Be2 O-O 6.Nf3 Na6 7.O-O e5 8.d5 Nc5
9.Nd2 a5 10.Rb1 Ne8 11.Qc2 f5 12.exf5 Bxf5 13.Nde4 Qh4 14.Bd3 Bxe4 15.Bxe4 Nf6
16.g3 Qh5 17.Bg2 e4 18.h3 Rae8 19.Be3 Bh6 20.Qd2 Bxe3 21.Qxe3 Rf7 22.Rbe1 Rfe7
23.Qd4 Qe5 24.Qxe5 Rxe5 25.Re3 g5 26.Rb1 h5 27.Bf1 Kg7 28.Be2 g4 29.Kg2 Rf5
30.Rh1 Rf8 31.h4 Rxf2+ 32.Kg1 Rf5 33.b3 c6 34.dxc6 bxc6 35.Rh2 d5 36.cxd5 Nxd5
37.Nxd5 cxd5 38.Bb5 d4 39.Re1 d3 40.Bc4 e3 41.Kg2 e2  0-1

[Event "TCh-GRE"]
[Site "Aghia Pelagia GRE"]
[Date "2004.07.07"]
[Round "5"]
[White "Halkias,S"]
[Black "Dembo,Y"]
[Result "1-0"]
[WhiteElo "2533"]
[BlackElo "2423"]

1.d4 Nf6 2.c4 g6 3.Nc3 Bg7 4.e4 d6 5.Nf3 O-O 6.Be2 e5 7.Be3 Ng4 8.Bg5 f6
9.Bh4 g5 10.Bg3 Nh6 11.h3 Nc6 12.d5 Nd4 13.Nxd4 exd4 14.Qxd4 f5 15.Qd2 f4
16.Bh2 Nf7 17.h4 h6 18.hxg5 hxg5 19.f3 Ne5 20.O-O-O Qf6 21.g3 Bd7 22.gxf4 gxf4
23.Bg1 Kf7 24.c5 Rh8 25.Bf2 a6 26.Qc2 Rxh1 27.Rxh1 Qg5 28.Rg1 Qh5 29.c6 bxc6
30.dxc6 Be6 31.Nd5 Bxd5 32.exd5 Rb8 33.Bd4 Bf6 34.Kb1 Qh2 35.Qf5 Re8 36.Bxa6  1-0

[Event "3rd Open"]
[Site "La Fere FRA"]
[Date "2004.07.07"]
[Round "6"]
[White "Sarakauskas,G"]
[Black "Bardoux,T"]
[Result "1/2-1/2"]
[WhiteElo "2442"]
[BlackElo "2120"]

1.c4 g6 2.d4 Nf6 3.Nc3 d6 4.e4 Bg7 5.Nf3 O-O 6.Be2 e5 7.Be3 Ng4 8.Bg5 f6
9.Bc1 Nc6 10.d5 Ne7 11.Nd2 Nh6 12.O-O a5 13.Rb1 f5 14.a3 f4 15.b4 g5 16.f3 Rf6
17.Rf2 Rg6 18.h3 Nf7 19.c5 h5 20.cxd6 cxd6 21.Nc4 g4 22.fxg4 hxg4 23.Bxg4 Bxg4
24.hxg4 Nh6 25.bxa5 Nxg4 26.Rxb7 Nxf2 27.Kxf2 Qc8 28.Rb4 Qc5+ 29.Kf1 f3 30.Be3 fxg2+
31.Kg1 Qc8 32.Qh5 Qa6 33.Nd1 Rf8 34.Nf2 Qc8 35.Ra4 Qa6 36.Rb4 Qc8 37.Ra4 Qa6
38.Rb4 Qc8  1/2-1/2

[Event "22nd Open"]
[Site "Andorra la Vella AND"]
[Date "2004.07.08"]
[Round "6"]
[White "Gurevich,M"]
[Black "Lopez Martinez,J"]
[Result "1/2-1/2"]
[WhiteElo "2667"]
[BlackElo "2437"]

1.d4 Nf6 2.c4 d6 3.Nf3 g6 4.Nc3 Bg7 5.e4 O-O 6.Be2 Na6 7.O-O e5 8.Be3 Ng4
9.Bg5 Qe8 10.dxe5 dxe5 11.h3 f6 12.Bd2 Nh6 13.c5 Nxc5 14.Qc1 Nf7 15.Nd5 Ne6
16.Nxc7 Nxc7 17.Qxc7 Nd8 18.Rfc1 Be6 19.Be3 Rf7 20.Qc3 Bf8 21.b4 Qa4 22.a3 Rc8
23.Qb2 Rxc1+ 24.Rxc1 Rd7 25.Nd2 Nc6 26.Bd1 Qb5 27.Bb3 Bxb3 28.Qxb3+ Kg7 29.Rc4 Nd4
30.Bxd4 exd4 31.Nf3 d3 32.Rd4 a5 33.e5 Rxd4 34.exf6+ Kxf6 35.Nxd4 Qg5 36.Qc3 axb4
37.axb4 Bxb4 38.Qxb4 Qc1+ 39.Kh2 Qf4+ 40.Kg1 Qc1+ 41.Kh2 Qf4+  1/2-1/2

[Event "Open A"]
[Site "Klatovy CZE"]
[Date "2004.07.08"]
[Round "6"]
[White "Rmoutil,M"]
[Black "Necada,M"]
[Result "0-1"]
[WhiteElo "2007"]
[BlackElo "2149"]

1.d4 Nf6 2.c4 g6 3.Nc3 Bg7 4.e4 d6 5.Be2 O-O 6.Nf3 Nbd7 7.O-O e5 8.d5 Nc5
9.Qc2 a5 10.Bg5 h6 11.Be3 Nfd7 12.Ne1 f5 13.f3 b6 14.a3 a4 15.Nd3 Nb3 16.Rae1 Nd4
17.Bxd4 exd4 18.Nxa4 fxe4 19.fxe4 Ne5 20.Rxf8+ Qxf8 21.Rf1 Qe7 22.b4 Bd7
23.Nab2 Rxa3 24.Rc1 Rc3 25.Qd2 Qh4 26.Nf2 Bf6 27.Rf1 Bg5 28.Qxc3 dxc3 29.g3 cxb2
30.gxh4 Bc1  0-1

[Event "Open"]
[Site "Olomouc CZE"]
[Date "2004.07.08"]
[Round "4"]
[White "Paterek,M"]
[Black "Zaitsev,Va"]
[Result "1/2-1/2"]
[WhiteElo "2245"]
[BlackElo "2378"]

1.d4 Nf6 2.c4 g6 3.Nc3 Bg7 4.e4 d6 5.Nf3 O-O 6.Be2 e5 7.Be3 exd4 8.Nxd4 Re8
9.f3 c6 10.Qd2 d5 11.exd5 cxd5 12.c5 Rxe3 13.Qxe3 Nc6 14.Rd1 Qf8 15.Ndb5 a6
16.Nd6 d4 17.Rxd4 Nxd4 18.Qxd4 Be6 19.Nxb7 Nd5 20.Qa4 Qc8 21.c6 Bxc3+ 22.bxc3 Nxc3
23.Qd4 Qxc6 24.Nc5 Rc8 25.Qxc3 Qxc5 26.Qxc5 Rxc5 27.Kd2 Ra5 28.Ra1 Ra3 29.Kc2 a5
30.Kb2 Re3 31.Bb5 a4 32.Bxa4 Re2+ 33.Bc2 Rxg2 34.a4 Bf5 35.Rc1 Rxh2 36.Kc3 Bxc2
37.Rxc2 Rh4 38.Kb3 Rf4 39.Rc3 h5 40.a5 Rf6 41.Kb4 h4 42.Kb5 h3 43.a6 h2 44.Rc1 Rxf3
45.a7 Ra3 46.Kb6 g5 47.Rh1 Kg7 48.Rxh2 f5 49.Rb2 g4 50.Rb4 Rxa7 51.Kxa7 Kf6
52.Rb8 g3 53.Rg8 f4 54.Kb6 Ke5 55.Kc5 Ke4 56.Kd6 f3 57.Rxg3 f2 58.Rg4+ Ke3
59.Rg3+ Ke4  1/2-1/2

[Event "Open"]
[Site "Olomouc CZE"]
[Date "2004.07.08"]
[Round "4"]
[White "Karavade,E"]
[Black "Tzermiadianos,And"]
[Result "0-1"]
[WhiteElo "2276"]
[BlackElo "2452"]

1.Nf3 Nf6 2.c4 g6 3.Nc3 Bg7 4.e4 d6 5.d4 O-O 6.Be2 e5 7.dxe5 dxe5 8.Qxd8 Rxd8
9.Bg5 Re8 10.Nd5 Nxd5 11.cxd5 c6 12.Bc4 cxd5 13.Bxd5 Nd7 14.Nd2 Nc5 15.Nc4 Be6
16.Nd6 Reb8 17.O-O-O Bxd5 18.Rxd5 Ne6 19.Be3 f6 20.Rhd1 Bf8 21.Kb1 Nc7 22.R5d2 b6
23.Rc1 Ne6 24.Nb5 Bc5 25.Bxc5 bxc5 26.Rd6 Rxb5 27.Rxe6 Rd8 28.Rxf6 Rd2 29.b3 Re2
30.f3 Rxg2 31.Rc2 Rg1+ 32.Kb2 Rb6 33.Rxb6 axb6 34.Kc3 h5 35.Kc4 h4 36.Kd5 h3
37.a4 Rg2 38.Rc1 Rxh2 39.Kxe5 Rf2 40.f4 h2 41.Rh1 Kf7 42.Rd1 Ke7 43.Rh1 Rd2
44.Rb1 Rd3 45.Rh1 Rh3 46.Kd5 Kd7 47.Ke5 Rh4 48.f5 gxf5 49.exf5 Rh3 50.Kf6 Kd6
51.Rd1+ Kc6 52.Rh1 Kd5 53.Kg7 Ke5 54.f6 Rg3+ 55.Kf7 Rf3 56.Rxh2 Rxf6+ 57.Ke7 Rf3
58.Rb2 Kd4 59.Kd6 Kc3 60.Re2 Kxb3 61.a5 Rf6+ 62.Kd5 c4 63.a6 b5 64.Re6 Rf1
65.Rb6 b4 66.Kc5 Rf5+ 67.Kc6 Ra5 68.Kb7 c3 69.a7 c2 70.Ra6 Rxa6 71.Kxa6 c1=Q  0-1

[Event "Open"]
[Site "Olomouc CZE"]
[Date "2004.07.08"]
[Round "4"]
[White "Halkias,S"]
[Black "Krapivin,V"]
[Result "1-0"]
[WhiteElo "2533"]
[BlackElo "2311"]

1.d4 Nf6 2.c4 g6 3.Nc3 Bg7 4.e4 d6 5.Nf3 O-O 6.Be2 e5 7.Be3 exd4 8.Nxd4 Re8
9.f3 Nc6 10.O-O Nh5 11.Qd2 Nxd4 12.Bxd4 Nf4 13.Rfe1 Qg5 14.Bf1 Bxd4+ 15.Qxd4 Ne6
16.Qf2 Qc5 17.b4 Qxf2+ 18.Kxf2 a5 19.a3 c6 20.Na4 axb4 21.axb4 Rd8 22.Nb6 Rb8
23.g3 Kf8 24.h4 Ke7 25.Bh3 Bd7 26.f4 f6 27.f5 Nf8 28.Ra2 Be8 29.Rae2 h6 30.Ke3 g5
31.hxg5 hxg5 32.Bg4 Nd7 33.Nxd7 Rxd7 34.Rh1 Ra8 35.Rh7+ Bf7 36.Bh5 Rf8 37.c5 d5
38.exd5 cxd5 39.Ra2 d4+ 40.Kd3 b6 41.Ra8 bxc5 42.bxc5 Rxa8 43.Rxf7+ Ke8 44.Rh7+  1-0

[Event "TCh-GRE"]
[Site "Aghia Pelagia GRE"]
[Date "2004.07.09"]
[Round "7"]
[White "Kalesis,N"]
[Black "Banikas,H"]
[Result "0-1"]
[WhiteElo "2440"]
[BlackElo "2519"]

1.d4 Nf6 2.c4 g6 3.Nc3 Bg7 4.e4 d6 5.Nf3 O-O 6.Be2 e5 7.Be3 Ng4 8.Bg5 f6
9.Bh4 Nc6 10.d5 Ne7 11.Nd2 Nh6 12.f3 c5 13.dxc6 bxc6 14.b4 Be6 15.Nb3 d5
16.Nc5 Bf7 17.cxd5 cxd5 18.O-O d4 19.N3a4 Nc8 20.Nb2 Nd6 21.a4 Qe7 22.Ba6 g5
23.Be1 f5 24.Bd2 g4 25.Qc1 f4 26.Nc4 Rad8 27.Na5 Rde8 28.Be2 Bh5 29.Nc6 Qh4
30.fxg4 Nxg4 31.Bxg4 Qxg4 32.Ra3 Qg6 33.Qc2 Be2 34.Be1 Bxf1 35.Kxf1 Qf7 36.Na5 Bf6
37.Rh3 Rc8 38.Qe2 Bd8 39.Rh6 f3 40.gxf3 Qxf3+ 41.Qxf3 Rxf3+ 42.Kg2 Re3 43.Bf2 Bxa5
44.Bxe3 dxe3 45.bxa5 Nf7 46.Ra6 Rxc5 47.Rxa7 Rc2+ 48.Kf3 e2 49.Kf2 Ng5  0-1

[Event "3rd Open"]
[Site "La Fere FRA"]
[Date "2004.07.09"]
[Round "9"]
[White "Mestdagh,F"]
[Black "Platel,A"]
[Result "0-1"]
[WhiteElo "1944"]
[BlackElo "2145"]

1.d4 Nf6 2.Nf3 g6 3.c4 Bg7 4.Nc3 d6 5.e4 O-O 6.Be2 Nbd7 7.O-O e5 8.dxe5 dxe5
9.Be3 c6 10.Nd2 Re8 11.Nb3 Qe7 12.h3 Rd8 13.Qc2 b6 14.c5 Ne8 15.Na4 b5 16.Nc3 a5
17.Rad1 Bb7 18.Nxb5 cxb5 19.c6 Rac8 20.Rxd7 Rxd7 21.cxb7 Rxc2 22.b8=Q Rxe2
23.Bc5 Qd8 24.Qxb5 Rxb2  0-1

[Event "3rd Open"]
[Site "La Fere FRA"]
[Date "2004.07.09"]
[Round "9"]
[White "Malakhatko,V"]
[Black "Zozulia,A"]
[Result "1-0"]
[WhiteElo "2555"]
[BlackElo "2324"]

1.c4 Nf6 2.Nc3 g6 3.d4 Bg7 4.e4 d6 5.Nf3 O-O 6.Be2 Na6 7.O-O e5 8.Re1 c6
9.Bf1 exd4 10.Nxd4 Re8 11.Rb1 Nc5 12.f3 a5 13.Be3 Qc7 14.b3 Bd7 15.Qd2 Rad8
16.a3 Bc8 17.b4 axb4 18.axb4 Na6 19.Kh1 h5 20.Bg5 Nb8 21.Nc2 Be6 22.Qf4 Nbd7
23.c5 Nh7 24.cxd6 Qc8 25.Bxd8 Bxc3 26.Be7 Bxe1 27.Rxe1 f6 28.Qd2 Bf7 29.f4 Nb6
30.Qd4 Nd7 31.Bc4 Ndf8 32.h3 Bxc4 33.Qxc4+ Qe6 34.Qd3 Kg7 35.Nd4 Qd7 36.e5 fxe5
37.fxe5 Ne6 38.Nxe6+ Qxe6 39.d7  1-0

[Event "Open"]
[Site "Olomouc CZE"]
[Date "2004.07.09"]
[Round "6"]
[White "Sundararajan,K"]
[Black "Tzermiadianos,And"]
[Result "1-0"]
[WhiteElo "2452"]
[BlackElo "2452"]

1.Nf3 Nf6 2.c4 g6 3.Nc3 Bg7 4.e4 d6 5.d4 O-O 6.Be2 e5 7.Be3 exd4 8.Nxd4 Re8
9.f3 c6 10.Bf2 d5 11.exd5 cxd5 12.O-O Nc6 13.c5 Bf8 14.Kh1 Bd7 15.Rb1 Rc8
16.b4 Ne5 17.Bh4 Be7 18.Bxf6 Bxf6 19.Nxd5 Bg7 20.Nb5 Bxb5 21.Bxb5 Nc6 22.a3 Re5
23.Bc4 Qh4 24.f4 Rh5 25.h3 Rd8 26.Qe1 Qxe1 27.Rfxe1 Rhxd5 28.Bxd5 Rxd5 29.b5 Nd4
30.Re8+ Bf8 31.Rd1 Kg7 32.c6 Nxb5 33.Rxd5 bxc6 34.Rd7 Bxa3 35.Rc8 c5 36.Rb8 Nd4
37.Rbb7 Kf6 38.Rxf7+ Ke6 39.Rxh7 Bc1 40.g3 a5 41.Rhg7 a4 42.Rxg6+ Kf5  1-0

[Event "TCh-GRE"]
[Site "Aghia Pelagia GRE"]
[Date "2004.07.10"]
[Round "8"]
[White "Mchedlishvili,M"]
[Black "Georgiev,Kr"]
[Result "1/2-1/2"]
[WhiteElo "2518"]
[BlackElo "2449"]

1.d4 Nf6 2.c4 g6 3.Nc3 Bg7 4.e4 d6 5.Nf3 O-O 6.Be2 e5 7.O-O Na6 8.Bg5 h6
9.Bh4 Qe8 10.Bxf6 Bxf6 11.c5 Nb4 12.dxe5 dxe5 13.Qb3 a5 14.a3 Be6 15.Nd5 Nxd5
16.exd5 Bf5 17.Rfd1 Qe7 18.d6 cxd6 19.cxd6 Qd7 20.Qe3 Rfe8 21.Qxh6 Re6 22.Ng5  1/2-1/2

[Event "22nd Open"]
[Site "Andorra la Vella AND"]
[Date "2004.07.10"]
[Round "8"]
[White "Peralta,Fe"]
[Black "Fernandez Romero,Ern"]
[Result "1-0"]
[WhiteElo "2541"]
[BlackElo "2423"]

1.d4 Nf6 2.c4 g6 3.Nc3 Bg7 4.e4 d6 5.Nf3 O-O 6.Be2 e5 7.Be3 h6 8.O-O Ng4
9.Bc1 Nc6 10.d5 Ne7 11.Ne1 f5 12.Bxg4 fxg4 13.Be3 g5 14.c5 Ng6 15.Rc1 Rf7
16.cxd6 cxd6 17.a4 Nf4 18.Nc2 Bf8 19.Na3 h5 20.Nc4 b6 21.b4 Bd7 22.Nb5 Bxb5
23.axb5 Rc8 24.Qd2 Qf6 25.Bxf4 exf4 26.Qb2 Qxb2 27.Nxb2 Re8 28.f3 gxf3 29.gxf3 g4
30.Kg2 Bg7 31.Nd3 h4 32.h3 gxf3+ 33.Kxf3 Bd4 34.Rc4 Be3 35.Nf2 Bxf2 36.Rxf2 Rg7
37.Ke2 Rf8 38.Rc6 Rf6 39.e5 Rf5 40.exd6 Re5+ 41.Kd3 Rxd5+ 42.Ke4 Rxb5 43.Rxf4 Rxb4+
44.Ke5 Rb5+ 45.Ke6 Rg6+ 46.Rf6 Rgg5 47.Rc8+ Kg7 48.Rf7+ Kg6 49.Rg8+  1-0

[Event "Glassy Stream Open"]
[Site "Kharkov UKR"]
[Date "2004.07.10"]
[Round "3"]
[White "Lapidus,D"]
[Black "Vedmediuc,S"]
[Result "0-1"]
[WhiteElo "2143"]
[BlackElo "2278"]

1.d4 Nf6 2.Nf3 g6 3.c4 Bg7 4.Nc3 O-O 5.e4 d6 6.Be2 e5 7.Be3 h6 8.h3 exd4
9.Nxd4 Re8 10.Qc2 Qe7 11.Nd5 Nxd5 12.exd5 Na6 13.Rd1 Nb4 14.Qa4 a5 15.a3 Bd7
16.Qb3 Na6 17.Qc2 Nc5 18.b4 Ba4 19.Qd2 Ne4 20.Qd3 Bxd1 21.Bxd1 Ng3 22.Rg1 Bxd4  0-1

[Event "Open A"]
[Site "Klatovy CZE"]
[Date "2004.07.10"]
[Round "8"]
[White "Rmoutil,M"]
[Black "Umanec,F"]
[Result "1/2-1/2"]
[WhiteElo "2007"]
[BlackElo "2089"]

1.d4 Nf6 2.Nf3 g6 3.c4 Bg7 4.Nc3 d6 5.e4 O-O 6.Be2 e5 7.d5 a5 8.O-O Na6 9.Ne1 Nc5
10.Qc2 Nfd7 11.Be3 f5 12.f3 f4 13.Bf2 g5 14.Nd3 b6 15.b3 Qe8 16.Nb5 Na6 17.a3 Nf6
18.b4 g4 19.bxa5 bxa5 20.Be1 Bd7 21.a4 Qg6 22.c5 gxf3 23.Bxf3 Nxe4 24.Nxe5 Bxe5
25.Bxe4 Qh6 26.Bc3 Bxc3 27.Nxc3 Nxc5 28.Rae1 Rae8 29.Bf3 Qg6 30.Qd1 Qf6 31.Ne4 Nxe4
32.Bxe4 Re7 33.Qd3 Kh8 34.Re2 Bxa4 35.Ref2 Qe5 36.Bf3 Be8 37.Re2 Qg7 38.Rxe7 Qxe7
39.Qc3+ Qg7 40.Qxa5 Qd4+ 41.Kh1 Qc4 42.Qa1+ Kg8  1/2-1/2

[Event "TCh-GRE"]
[Site "Aghia Pelagia GRE"]
[Date "2004.07.11"]
[Round "9"]
[White "Gustafsson,J"]
[Black "Vouldis,A"]
[Result "1/2-1/2"]
[WhiteElo "2611"]
[BlackElo "2539"]

1.Nf3 Nf6 2.c4 g6 3.Nc3 Bg7 4.e4 d6 5.d4 O-O 6.Be2 e5 7.Be3 exd4 8.Nxd4 Re8
9.f3 c6 10.Bf2 d5 11.exd5 cxd5 12.O-O Nc6 13.c5 Bf8 14.Kh1 Bd7 15.Qd2 Rc8
16.Nxc6 bxc6 17.b4 a5 18.a3 Rb8 19.Na4 axb4 20.axb4 Bf5 21.Nb6 Nd7 22.Ra6 Nxb6
23.Rxb6 Rxb6 24.cxb6 d4 25.g4 Bc8 26.Bc4 Qxb6 27.Qf4 Be6 28.Bxd4 c5 29.bxc5 Bxc5
30.Ba1 Bxc4 31.Qxc4 Qb4 32.Qxb4 Bxb4  1/2-1/2

[Event "TCh-GRE"]
[Site "Aghia Pelagia GRE"]
[Date "2004.07.11"]
[Round "9"]
[White "Stavrianakis,I"]
[Black "Sismanis,A"]
[Result "0-1"]
[WhiteElo "2058"]
[BlackElo "2097"]

1.d4 Nf6 2.c4 g6 3.Nc3 Bg7 4.e4 d6 5.Nf3 O-O 6.Be2 e5 7.d5 a5 8.Bg5 Qe8 9.Nd2 Na6
10.O-O h6 11.Bh4 Nc5 12.b3 Nh7 13.f3 f5 14.a3 f4 15.b4 Nd7 16.Bf2 Ndf6 17.Rc1 Rf7
18.c5 Bf8 19.bxa5 dxc5 20.Nc4 Bd6 21.Nb5 Qf8 22.Qd2 g5 23.Qc3 Nd7 24.Nd2 h5
25.Nb3 b6 26.a4 Rg7 27.axb6 cxb6 28.a5 g4 29.fxg4 hxg4 30.axb6 Nhf6 31.Nxd6 Qxd6
32.Nxc5 Nxb6 33.Nd3 f3 34.Bd1 fxg2 35.Kxg2 Ba6 36.Bc5 Qd8 37.Qxe5 Bxd3 38.Qe6+ Rf7
39.Rxf6 Qxf6 40.Bxb6 Qf1+  0-1

[Event "15th Open"]
[Site "Ljubjana SLO"]
[Date "2004.07.11"]
[Round "3"]
[White "Tratar,M"]
[Black "Srebrnic,A"]
[Result "1-0"]
[WhiteElo "2449"]
[BlackElo "2257"]

1.Nf3 Nf6 2.c4 g6 3.Nc3 Bg7 4.e4 d6 5.d4 O-O 6.Be2 e5 7.d5 a5 8.Bg5 h6 9.Bh4 Na6
10.Nd2 Qe8 11.a3 Nh7 12.b4 axb4 13.axb4 Bd7 14.Rb1 Bf6 15.Bxf6 Nxf6 16.O-O Qe7
17.Qc2 Ne8 18.Rfc1 Kh7 19.Nd1 c5 20.dxc6 bxc6 21.c5 dxc5 22.Bxa6 Rxa6 23.Qxc5 Qxc5
24.bxc5 Nf6 25.f3 Be6 26.Ne3 Nd7 27.Ndc4 Kg7 28.Nb6 Kf6 29.Nxd7+ Bxd7 30.Rd1 Be6
31.Rd6 Kg7 32.Rb7 Kg8 33.Rb6 Rxb6 34.cxb6 c5 35.Nd5 Bxd5 36.exd5 Rb8 37.Kf2 Kf8
38.Ke3 Ke7 39.Rc6 Kd7 40.Kd3 Ra8 41.Rxc5 Ra2 42.Rc2 Ra4 43.Rc7+ Kd6 44.Rxf7 Kxd5
45.Rf6 Ra3+ 46.Kc2 Ra2+ 47.Kb3 Ra1 48.Rxg6 h5 49.Kb4 Ra2 50.Kb5 h4 51.b7 Rb2+
52.Ka6 Kc5 53.Ka7 Ra2+ 54.Ra6  1-0

[Event "Proclient Cup"]
[Site "Olomouc CZE"]
[Date "2004.07.12"]
[Round "11"]
[White "Gavrilov,Al1"]
[Black "Salai,L"]
[Result "1-0"]
[WhiteElo "2441"]
[BlackElo "2394"]

1.d4 Nf6 2.c4 g6 3.Nc3 Bg7 4.e4 d6 5.Nf3 O-O 6.Be2 e5 7.Be3 Ng4 8.Bg5 f6
9.Bc1 Nc6 10.d5 Ne7 11.h3 Nh6 12.h4 Nf7 13.h5 f5 14.hxg6 Nxg6 15.Qd3 f4 16.Bd2 c5
17.Nh2 Nh6 18.O-O-O a6 19.g3 Bd7 20.Rdg1 b5 21.Qf3 fxg3 22.Qxg3 Qf6 23.Ng4 Nxg4
24.Bxg4 Bxg4 25.Qxg4 Nf4 26.Kc2 Rf7 27.Rh2 bxc4 28.Nd1 Qg6 29.Qxg6 Nxg6 30.Rgh1 Bf8
31.Ne3 Rf4 32.Rxh7 Rxe4 33.Rd7 Ne7 34.Rxd6 Rf4 35.Rd7 Rxf2 36.d6 Nf5 37.Rg1+ Kh8
38.Ng4 Nd4+ 39.Kb1 Rf5 40.Bh6 c3 41.Rh1 c2+ 42.Kc1 Bxh6+ 43.Rxh6+ Kg8 44.Nf6+ Rxf6
45.Rxf6 Rf8 46.Rxf8+ Kxf8 47.Rc7  1-0

[Event "FSGM July"]
[Site "Budapest HUN"]
[Date "2004.07.13"]
[Round "11"]
[White "Nagle,S"]
[Black "Lorscheid,G"]
[Result "1-0"]
[WhiteElo "2375"]
[BlackElo "2272"]

1.Nf3 d6 2.d4 Nf6 3.c4 g6 4.Nc3 Bg7 5.e4 O-O 6.Be2 e5 7.O-O exd4 8.Nxd4 Re8
9.f3 c6 10.Kh1 Nh5 11.g4 Nf6 12.Bg5 h6 13.Bf4 h5 14.h3 hxg4 15.hxg4 Nh7 16.Kg2 Na6
17.Qd2 Be5 18.Be3 Qh4 19.f4 Bg7 20.Rh1 Qe7 21.Bf3 Nc5 22.f5 Nf6 23.Bh6 Nfxe4
24.Bxg7  1-0

[Event "Glassy Stream Open"]
[Site "Kharkov UKR"]
[Date "2004.07.16"]
[Round "8"]
[White "Kostiukova,L"]
[Black "Vavric,P"]
[Result "1-0"]
[WhiteElo "2165"]
[BlackElo "2073"]

1.d4 Nf6 2.c4 g6 3.Nc3 Bg7 4.e4 d6 5.Be2 O-O 6.Nf3 e5 7.O-O Nbd7 8.Re1 Re8
9.Bf1 c6 10.Rb1 Qc7 11.d5 c5 12.Nb5 Qb6 13.a3 a6 14.Nc3 Qd8 15.b4 b6 16.Bd3 Rf8
17.Bc2 Ne8 18.Ba4 h6 19.Bxd7 Bxd7 20.bxc5 bxc5 21.Na4 f5 22.Nb6 Ra7 23.Nxd7 Rxd7
24.Nd2 Nf6 25.f3 h5 26.exf5 gxf5 27.Nf1 Nh7 28.f4 h4 29.fxe5 Bxe5 30.Bb2 Qf6
31.Bxe5 dxe5 32.Qe2 e4 33.Qf2 Qd4 34.Red1 Qxc4 35.Ne3 Qc3 36.Nxf5 Qf6 37.Rf1 Rxd5
38.Qa2 Qxf5 39.Rxf5 Rxf5 40.Qe2 Rde5 41.Rb8+ Nf8 42.Qg4+ Kf7 43.Rb7+ Ke6
44.Qxh4 e3 45.Qc4+ Kd6 46.Qxa6+ Kd5 47.Rb6 Kd4 48.Qa4+ Kd5 49.Qd1+ Ke4 50.Rb3 Ne6
51.Qe2 Nd4 52.Rxe3+ Kd5 53.Rxe5+ Rxe5 54.Qd2 c4 55.Kf1 Kc5 56.g4 Nb5 57.a4 Nd6
58.a5  1-0

[Event "XIII Open"]
[Site "Castellar del Valles ESP"]
[Date "2004.07.17"]
[Round "4"]
[White "Peralta,Fe"]
[Black "De la Paz,F"]
[Result "1-0"]
[WhiteElo "2541"]
[BlackElo "2458"]

1.d4 Nf6 2.c4 g6 3.Nc3 Bg7 4.e4 d6 5.Nf3 O-O 6.Be2 e5 7.Be3 c6 8.d5 Na6 9.O-O Ng4
10.Bg5 f6 11.Bh4 c5 12.Ne1 h5 13.h3 Nh6 14.a3 b6 15.Nd3 Nc7 16.Rb1 g5 17.Bg3 h4
18.Bh2 f5 19.exf5 Bxf5 20.f3 Bg6 21.Ne4 Nf5 22.Re1 g4 23.hxg4 Ne3 24.Qc1 Bh6
25.g5 Bxg5 26.Ndf2 Bh6 27.Qc3 h3 28.Nxh3 Bxe4 29.fxe4 Qh4 30.Bf3 Rxf3 31.gxf3 Qxh3
32.Rxe3 Bf4 33.Bxf4 Kf7 34.Bg5 Rh8 35.Re2 Qh1+ 36.Kf2 Qxb1 37.Re1 Rh2+ 38.Kg3 Qxb2
39.Qxb2 Rxb2 40.Rh1 Kg6 41.f4 exf4+ 42.Bxf4 Ne8 43.Rh6+ Kg7 44.Re6 Rb3+ 45.Kh4 Kf7
46.Bxd6 Re3 47.Bf4 Rc3 48.Bg5 Rxc4 49.Re7+ Kf8 50.Kh5 Nd6 51.e5 Nf7 52.Bf6 Rd4
53.Rd7 Nxe5 54.Bxe5 Ke8 55.Rd6 Rd3 56.Bf6 c4 57.Kg6 Rg3+ 58.Bg5  1-0